Tous les buteurs de la Coupe du Monde 2022 - Statistiques

Statistiques générales
  • Ce quiz a été pris 204 fois
  • Le résultat moyen est 38 sur 116
Statistiques - réponses
But(s) Poste Equipe Joueur % Correct
8 ATT France Kylian Mbappé
100%
7 ATT Argentine Lionel Messi
100%
4 ATT France Olivier Giroud
94%
2 ATT Angleterre Harry Kane
93%
2 ATT Brésil Neymar Jr
87%
1 ATT Portugal Cristiano Ronaldo
82%
4 ATT Argentine Julian Alvarez
78%
3 ATT Brésil Richarlison
72%
3 ATT Angleterre Marchus Rashford
69%
3 ATT Portugal Gonçalo Ramos
67%
3 ATT Equateur Enner Valencia
65%
2 ATT Pologne Robert Lewandowski
65%
1 ATT Argentine Angel Di Maria
64%
1 MIL France Aurélien Tchouameni
64%
3 ATT Angleterre Bukayo Saka
64%
3 ATT Espagne Alvaro Morata
63%
1 ATT Pays-Bas Memphis Depay
60%
1 DEF France Theo Hernandez
59%
2 MIL Portugal Bruno Fernandes
57%
1 MIL Angleterre Jude Bellingham
57%
1 ATT France Randal Kolo Muani
57%
3 ATT Pays-Bas Gakpo
56%
1 MIL France Adrien Rabiot
55%
2 ATT Maroc Youssef En-Nesyri
55%
1 MIL Angleterre Phil Foden
52%
2 ATT Portugal Rafael Leao
52%
1 ATT Brésil Vinicius Junior
52%
2 ATT Cameroun Vincent Aboubakar
50%
1 MIL Argentine Enzo Fernandez
49%
1 MIL Espagne Gavi
49%
2 ATT Iran Mehdi Taremi
46%
2 ATT Pays-Bas Wout Weghorst
44%
1 MIL Croatie Ivan Perisic
43%
2 ATT Allemagne Kai Havertz
43%
2 ATT Serbie Aleksandar Mitrovic
42%
1 MIL Pays-Bas Frenkie De Jong
42%
2 ATT Espagne Ferran Torres
41%
2 ATT Croatie Andej Kramaric
40%
2 ATT Suisse Breel Embolo
40%
1 ATT Pays de Galles Gareth Bale
40%
1 ATT Angleterre Jack Grealish
40%
1 ATT Sénégal Boulaye Dia
38%
1 ATT Angleterre Raheem Sterling
38%
1 ATT Maroc Hakim Ziyech
36%
1 ATT Portugal Joao Félix
36%
1 MIL Brésil Lucas Paqueta
36%
1 DEF Croatie Josko Gvardiol
35%
2 ATT Allemagne Niclas Füllkrug
35%
1 ATT Mexique Henry Martin
34%
1 MIL Brésil Casemiro
33%
1 DEF Canada Alphonso Davies
32%
2 MIL Arabie Saoudite Salem Mohammed Al-Dawsari
31%
1 ATT Tunisie Wahbi Khazri
31%
1 DEF Portugal Pepe
30%
1 ATT Allemagne Serge Gnabry
30%
1 ATT Suisse Xherdan Shaqiri
30%
1 DEF Corée du Sud Young-gwon Kim
30%
1 MIL Argentine Alexis Mac Allister
29%
1 ATT Ghana André Ayew
29%
1 ATT Etats-Unis Christian Pulisic
29%
1 DEF Sénégal Kalidou Koulibaly
29%
1 DEF Pays-Bas Denzel Dumfries
28%
1 ATT Serbie Dusan Vlahovic
28%
1 MIL Angleterre Jordan Henderson
28%
1 DEF Argentine Nahuel Molina
26%
1 DEF Maroc Romain Saïss
26%
1 ATT Sénégal Ismaïla Sarr
25%
1 ATT Etats-Unis Timothy Weah
25%
1 ATT Espagne Dani Olmo
23%
2 MIL Ghana Mohammed Kudus
22%
2 ATT Corée du Sud Gue-sung Cho
21%
1 ATT Espagne Marco Asensio
21%
1 MIL Serbie Sergej Milinkovic-Savic
20%
1 DEF Pays-Bas Daley Blind
19%
1 ATT Maroc Zakaria Aboukhlal
19%
1 ATT Cameroun Eric Maxim Choupo-Moting
18%
1 MIL Croatie Lovro Majer
18%
1 ATT Belgique Michy Batshuayi
18%
1 DEF Suisse Manuel Akanji
17%
1 DEF Danemark Andreas Christensen
16%
1 ATT Croatie Bruno Petkovic
16%
1 MIL Equateur Moices Caicedo
16%
1 MIL Allemagne Ilkay Gündogan
15%
1 MIL Espagne Carlos Soler
14%
2 MIL Uruguay Giorgian De Arrascaeta
14%
1 ATT Corée du Sud Hee-chan Hwang
14%
1 ATT Croatie Mislav Orsic
14%
1 DEF Portugal Raphaël Guerreiro
14%
2 MIL Japon Ritsu Doan
14%
1 MIL Pays-Bas Davy Klaasen
13%
1 MIL Pologne Piotr Zielinski
13%
1 DEF Maroc Achraf Dari
12%
1 ATT Sénégal Bamba Dieng
12%
1 DEF Cameroun Jean-Charles Castelletto
11%
1 ATT Portugal Ricardo Horta
9%
1 DEF Australie Craig Goodwin
8%
1 ATT Japon Daizen Maeda
8%
1 MIL Suisse Remo Freuler
8%
1 ATT Sénégal Famara Diedhiou
7%
1 ATT Croatie Marko Livaja
6%
1 ATT Ghana Osman Bukari
5%
1 ATT Etats-Unis Haji Wright
4%
1 MIL Mexique Luis Chavez
4%
1 ATT Australie Mitch Duke
4%
1 DEF Ghana Mohammed Salisu
4%
1 DEF Serbie Strahinja Pavlovic
4%
1 DEF Costa Rica Keysher Fuller
3%
1 ATT Australie Mathew Leckie
3%
1 ATT Qatar Mohammed Muntari
3%
1 ATT Arabie Saoudite Saleh Khalid Javier Al-Shehri
3%
1 ATT Japon Takuma Asano
3%
1 MIL Costa Rica Yeltsin Tejeda
3%
1 MIL Corée du Sud Seung-ho Paik
2%
1 MIL Japon Ao Tanaka
1%
1 DEF Iran Ramin Rezaeian
1%
1 MIL Iran Roozbeh Cheshmi
1%
Aucun quiz correspondant
Distribution des résultats
% des personnes avec chaque résultat
Percentile par nombre de réponses
Votre historique - résultats
Vous n’avez pas pris ce quiz